Online Catalogue and eLibrary

Poraaliyin kadhali (Record no. 6009)

MARC details
000 -LEADER
fixed length control field 00420nam a22001697a 4500
005 - DATE AND TIME OF LATEST TRANSACTION
control field 20250402002512.0
008 - FIXED-LENGTH DATA ELEMENTS--GENERAL INFORMATION
fixed length control field 250402b |||||||| |||| 00| 0 eng d
020 ## - INTERNATIONAL STANDARD BOOK NUMBER
ISBN 9789554102743
082 ## - DDC Classification
DDC Edition Number 22
Class No. 894
Item Number - Author Mark POR
100 ## - MAIN ENTRY--PERSONAL NAME
Personal name Vetrichelvi
245 ## - TITLE STATEMENT
Title Poraaliyin kadhali
Remainder of title Navel
250 ## - EDITION STATEMENT
Edition statement 2nd
260 ## - PUBLICATION, DISTRIBUTION, ETC.
Place of publication, distribution, etc. Sri Lanka
Name of publisher, distributor, etc. Author
Date of publication, distribution, etc. 2017
300 ## - PHYSICAL DESCRIPTION
Extent (e.g. Volumes, Pages etc.) 184 p .,
500 ## - GENERAL NOTE
General note Ilaporin Eluntha Kdhal Patriya Naval
942 ## - Koha item type (Biblio)
Koha item type Books in Stacks (Lending)
Holdings
Lost status Damaged status Collection code Home library Current library Date acquired Full call number Accession Number Item type
    Lending WERC Library WERC Library 04/02/2025 894 POR 7033 Books in Stacks (Lending)

© WERC Library